000 01016nam a2200301 i 4500
003 DO-SdBNP
005 20251009124804.0
007 ta
008 250513b2024 dr ||||| |||| 00| 0 spa d
020 _a9789945647518
040 _aDO-SdBNP
_bspa
_cBNPHU
_erda
041 _aspa
082 4 _a658.8
_bL951a
_222
100 1 _aLugo, Darnetty
_eautor
_4aut.
_987141
245 1 3 _aEl arte de cobrar de forma efectiva /
_cDarnetty Lugo,
264 4 _aSanto Domingo :
_bEditorial Bien-etre,
_c©2024.
300 _a138 páginas ;
_c22 cm.
336 _atexto
_btxt
_2rdacontent
337 _asin mediación
_bn
_2rdamedia
338 _avolumen
_bnc
_2rdacarrier
500 _aIncluye datos biográficos de la autora en la solapa de la cubierta.
504 _aBibliografía: páginas 125-135
590 _aInventariado, 2025 /LP
650 0 _aRelaciones con los clientes
_919762
_xCobranza de cuentas
650 4 _aAdministración
_920440
_xEmpresas
910 _aLP. Validado control de calidad
942 _2ddc
_cLBS1
999 _c58350
_d58350